000 01667nam a2200349Ia 4500
005 20210727153107.0
008 121119s2011 ve a 000 1 spa
020 _a9789588445298
041 _aspa
100 1 _aWayne von Königslöw, Andrea
245 1 3 _aEn el baño
_cAndrea Wayne Von Konigslow ; traducción Clarisa de la Rosa
250 _aEdición especial para el Ministerio de Cultura
300 _a[22] páginas sin enumerar
_bilustraciones en color
_c20 cm
490 _aEl jardin de los niños
490 _aLeer es mi cuento
520 _a¿Te imaginas a los animales usando el inodoro como si fuesen humanos? El león creería que es su trono, el elefante haría un desastre al destruirlo todo y el puercoespín se atascaría en él con tantas espinas como trae encima. Por ello has de comprender que aprender a ir al baño es un hábito exclusivamente humano y, además, necesario
521 _aRecomendado para niños de 0 a 2 años
534 _tToilet tales
650 1 4 _2LEMB
_aÁlbumes infantiles canadienses
_ySiglo XX
650 1 4 _2LEMB
_aLiteratura infantil canadiense
_ySiglo XX
650 1 4 _2LEMB
_aHigiene en la literatura
650 1 4 _2LEMB
_aAnimales en la literatura
700 1 _aDe la Rosa, Clarisa
_dtraductor
830 _aColección para la Primera Infancia del Ministerio de Cultura, Plan Nacional de Lectura y Escritura Leer es mi cuento, Primera Infancia 2011
_941856
942 _2loc
_cBKINF
264 _aCaracas
_bEkaré
_c2011
336 _atexto
_btxt
_2rdacontent
337 _asin mediación
_bn
_2rdamedia
338 _avolumen
_bnc
_2rdacarrier
040 _aCO-BoRNBP
_bspa
_erda
_cCO-BoRNBP
084 _aA WAY1
999 _c2289
_d2289